[Event "Tournoi francophone 005 Groupe E"]
[Site "Skype"]
[Date "????.??.??"]
[Round "1.1"]
[White "Vervoort, Jean-Louis"]
[Black "Lemoine, Gerard"]
[Result "1/2-1/2"]
[WhiteElo "1209"]
[BlackElo "1297"]
[PlyCount "91"]

1. d4 d5 2. c4 e6 3. Nc3 Bb4 4. a3 Bxc3+ 5. bxc3 b6 6. cxd5 exd5 7. e3 Ba6 8.
Bxa6 Nxa6 9. Nf3 Ne7 10. O-O Qd7 11. Qd3 b5 12. a4 c6 13. Ng5 g6 14. axb5 h6
15. Nf3 Nb8 16. b6 a6 17. Rb1 Qb7 18. Ba3 Nc8 19. Bc5 a5 20. Rb2 Nd7 21. Rfb1
f5 22. g4 Rg8 23. gxf5 gxf5+ 24. Kh1 Nxc5 25. dxc5 Ne7 26. Nd4 Rb8 27. Nxf5
Nxf5 28. Qxf5 Qg7 29. Qe6+ Kd8 30. Qd6+ Ke8 31. Qxb8+ Ke7 32. Qc7+ Ke6 33. Qxg7
Rxg7 34. f3 Ke5 35. Rg1 Rb7 36. Rbg2 a4 37. Ra1 d4 38. cxd4+ Kd5 39. Rxa4 h5
40. Rg5+ Ke6 41. Rg6+ Kf5 42. Rxc6 Kg5 43. Rc8 Kh4 44. Ra7 Kh3 45. Rxb7 h4 46.
Rf7 1/2-1/2

[Event "Tournoi francophone 005 Groupe E"]
[Site "Skype"]
[Date "????.??.??"]
[Round "1.2"]
[White "Bucherie, Volcy"]
[Black "Bustos, Ricardo"]
[Result "0-1"]
[WhiteElo "1236"]
[BlackElo "1318"]
[PlyCount "56"]

1. c4 c5 2. g3 g6 3. Bg2 Bg7 4. Nc3 Nc6 5. d4 cxd4 6. Nd5 e6 7. Nc7+ Qxc7 8.
Bf4 e5 9. Bg5 Bf6 10. Bxf6 Nxf6 11. e4 dxe3 12. fxe3 O-O 13. Qf3 Qd6 14. Rd1
Qe7 15. Ne2 e4 16. Qf2 Nh5 17. Qf4 Qf6 18. Nc3 d6 19. O-O Qe5 20. Qxe4 Qxe4 21.
Nxe4 Ne5 22. Nxd6 Bg4 23. Rd2 Rab8 24. Nxb7 Nxc4 25. Rd4 Nxe3 26. Rxg4 Nxg4 27.
Bf3 Ne5 28. Bxh5 Rxb7 0-1

[Event "Tournoi francophone 005 Groupe E"]
[Site "Skype"]
[Date "????.??.??"]
[Round "1.3"]
[White "Rodriguez, Nathalie"]
[Black "Gabriele, Noel"]
[Result "0-1"]
[WhiteElo "1252"]
[BlackElo "1325"]
[PlyCount "24"]

1. d4 d5 2. Nc3 Nf6 3. h3 c5 4. Nf3 c4 5. Bf4 a6 6. Ne5 e6 7. e3 Bb4 8. a3
Bxc3+ 9. bxc3 Qa5 10. Qd2 Ne4 11. Qe2 Qxc3+ 12. Kd1 Qxa1# 0-1

[Event "Tournoi francophone 005 Groupe E"]
[Site "Skype"]
[Date "????.??.??"]
[Round "1.4"]
[White "Dhenain, Sebastien"]
[Black "Guillaume, Mickael"]
[Result "1-0"]
[WhiteElo "1230"]
[BlackElo "1353"]
[PlyCount "55"]

1. e4 d6 2. d4 a6 3. Nf3 Nf6 4. Nc3 Bg4 5. Be2 h6 6. e5 Nh7 7. h3 Bxf3 8. Bxf3
dxe5 9. Bxb7 Ra7 10. Bf3 exd4 11. Ne2 e5 12. O-O c5 13. Re1 Be7 14. Be4 Ng5 15.
Bxg5 Bxg5 16. c3 O-O 17. Qc2 g6 18. Rad1 f5 19. Bd3 Qd5 20. b3 Nc6 21. Bc4 Qxc4
22. bxc4 Rd7 23. cxd4 cxd4 24. Qa4 Rd6 25. c5 Re6 26. Nxd4 Nxd4 27. Rxd4 Rc6
28. Qxc6 1-0

[Event "Tournoi francophone 005 Groupe E"]
[Site "Skype"]
[Date "????.??.??"]
[Round "1.5"]
[White "Riviere, Perrine"]
[Black "Moumtaz, Abderrahim"]
[Result "1-0"]
[WhiteElo "1245"]
[BlackElo "1217"]
[PlyCount "111"]

1. e4 e5 2. Nf3 Nf6 3. Nc3 Nc6 4. Bc4 Bc5 5. O-O O-O 6. d3 d6 7. Re1 Qe7 8. Bb5
Bd7 9. Be3 Bxe3 10. Rxe3 Ng4 11. Re1 Nd4 12. Nxd4 exd4 13. Bxd7 Qxd7 14. Nd5 c6
15. Ne7+ Qxe7 16. Qxg4 Qf6 17. f3 Rad8 18. f4 Qg6 19. Qxg6 fxg6 20. g3 g5 21.
f5 g4 22. Re2 Rde8 23. Rf1 Re5 24. Rf4 d5 25. Rxg4 dxe4 26. dxe4 Rf6 27. Rf4 g6
28. fxg6 Rxf4 29. gxh7+ Kxh7 30. gxf4 Rh5 31. Kg2 Kg7 32. Kg3 Kf6 33. h4 Ke7
34. Rd2 c5 35. c3 Ke6 36. cxd4 cxd4 37. Rxd4 Rh7 38. a4 Rg7+ 39. Kh3 Rf7 40.
f5+ Ke5 41. Rc4 b6 42. h5 Rh7 43. Kh4 Rh6 44. b3 a5 45. b4 Kf4 46. bxa5 bxa5
47. Rd4 Ke3 48. Rc4 Kd3 49. Kg5 Rh8 50. Rc5 Kxe4 51. Rxa5 Rg8+ 52. Kf6 Rf8+ 53.
Kg7 Re8 54. f6 Re6 55. f7 Re7 56. h6 1-0

[Event "Tournoi francophone 005 Groupe E"]
[Site "Skype"]
[Date "????.??.??"]
[Round "2.2"]
[White "Guillaume, Mickael"]
[Black "Riviere, Perrine"]
[Result "1-0"]
[WhiteElo "1353"]
[BlackElo "1245"]
[PlyCount "113"]

1. d4 d5 2. e3 Nc6 3. h3 Nf6 4. Nc3 e6 5. a3 Ne4 6. Nxe4 dxe4 7. Ne2 e5 8. d5
Na5 9. Nc3 Bf5 10. Be2 Bd6 11. b4 c6 12. Bd2 cxd5 13. Nxd5 Be6 14. Bb5+ Nc6 15.
Bxc6+ bxc6 16. Nc3 Bf5 17. f3 exf3 18. Qxf3 Qd7 19. e4 Be6 20. O-O c5 21. Be3
cxb4 22. axb4 Bxb4 23. Rad1 Qc6 24. Bd2 O-O 25. Qg3 Bxc3 26. Bh6 g6 27. Bxf8
Kxf8 28. Kh1 Qxe4 29. Qxc3 Bd5 30. Rf2 f5 31. Qc5+ Kf7 32. Qxd5+ Kg7 33. Qxe4
fxe4 34. Rd5 a5 35. Rxe5 a4 36. Rxe4 a3 37. Re1 a2 38. Rff1 h5 39. c4 g5 40. c5
Rc8 41. Rc1 a1=Q 42. Rxa1 Rxc5 43. Ra7+ Kg6 44. Kh2 Re5 45. Rff7 h4 46. Rg7+
Kf5 47. Raf7+ Ke4 48. Re7 Rxe7 49. Rxe7+ Kf5 50. g4+ hxg3+ 51. Kxg3 Kf6 52. Ra7
Kf5 53. Ra5+ Kf6 54. Ra6+ Kf7 55. Kg4 Ke7 56. Kxg5 Kf7 57. h4 1-0

[Event "Tournoi francophone 005 Groupe E"]
[Site "Skype"]
[Date "????.??.??"]
[Round "2.3"]
[White "Gabriele, Noel"]
[Black "Dhenain, Sebastien"]
[Result "0-1"]
[WhiteElo "1325"]
[BlackElo "1230"]
[PlyCount "40"]

1. d4 d5 2. Nc3 e6 3. e4 Bb4 4. e5 Bxc3+ 5. bxc3 Ne7 6. Bg5 h6 7. Bh4 O-O 8.
Qg4 Qe8 9. Bf6 Nf5 10. Bd3 g6 11. h4 h5 12. Qg5 Nd7 13. Bxf5 exf5 14. Be7 f6
15. exf6 Nxf6 16. Qe3 Ng4 17. Qe2 Rf7 18. Bg5 Qxe2+ 19. Nxe2 b6 20. O-O-O Nxf2
0-1

[Event "Tournoi francophone 005 Groupe E"]
[Site "Skype"]
[Date "????.??.??"]
[Round "2.4"]
[White "Bustos, Ricardo"]
[Black "Rodriguez, Nathalie"]
[Result "1-0"]
[WhiteElo "1318"]
[BlackElo "1252"]
[PlyCount "49"]

1. c4 e5 2. Nc3 c6 3. g3 f6 4. Bg2 Ne7 5. Nf3 h6 6. d4 d5 7. dxe5 Nd7 8. exf6
gxf6 9. cxd5 Nxd5 10. Nxd5 cxd5 11. Qxd5 Nb6 12. Qxd8+ Kxd8 13. O-O Nd7 14. b4
b6 15. Nd4 Bxb4 16. Nc6+ Kc7 17. Nxb4 Nc5 18. Bxa8 Re8 19. Nd5+ Kb8 20. Bf4+
Kxa8 21. Nc7+ Kb7 22. Nxe8 Nd7 23. Bxh6 Ne5 24. Nd6+ Kc6 25. Nxc8 1-0

[Event "Tournoi francophone 005 Groupe E"]
[Site "Skype"]
[Date "????.??.??"]
[Round "2.5"]
[White "Vervoort, Jean-Louis"]
[Black "Bucherie, Volcy"]
[Result "1-0"]
[WhiteElo "1209"]
[BlackElo "1236"]
[PlyCount "71"]

1. d4 d5 2. c4 Nf6 3. Nc3 c6 4. Nf3 Bf5 5. Bg5 Nbd7 6. e3 e6 7. Bd3 Bxd3 8.
Qxd3 c5 9. cxd5 exd5 10. Nxd5 Qa5+ 11. Nc3 Be7 12. O-O O-O 13. a3 Qc7 14. Rac1
Ng4 15. Bxe7 Rfe8 16. Bxc5 b6 17. Bb4 a5 18. Nb5 Qb7 19. Nd6 Qa6 20. Qxa6 Rxa6
21. Nxe8 axb4 22. axb4 Kf8 23. Rc8 Ra2 24. Nc7+ Ke7 25. Re8+ Kd6 26. Rc1 Rxb2
27. Nb5+ Kd5 28. Nc3+ Kc4 29. Na4+ Kxb4 30. Nxb2 b5 31. Nd3+ Kb3 32. Rec8 Nb6
33. R8c3+ Ka2 34. R1c2+ Kb1 35. Rb2+ Ka1 36. Ra3# 1-0

[Event "Tournoi francophone 005 Groupe E"]
[Site "Skype"]
[Date "????.??.??"]
[Round "3.1"]
[White "Bucherie, Volcy"]
[Black "Lemoine, Gerard"]
[Result "0-1"]
[WhiteElo "1236"]
[BlackElo "1297"]
[PlyCount "110"]

1. d4 d5 2. c4 e6 3. Nc3 c6 4. Nf3 Bd6 5. e4 c5 6. e5 Be7 7. Bg5 cxd4 8. Qxd4
Nc6 9. Qd2 Qc7 10. cxd5 Nxe5 11. Bb5+ Bd7 12. Bxe7 Nxe7 13. Nxe5 Qxe5+ 14. Be2
Nxd5 15. O-O Nxc3 16. bxc3 Bb5 17. c4 Rd8 18. Qa5 Qxe2 19. Qxb5+ Rd7 20. Rfe1
Qd3 21. Rad1 a6 22. Qa4 b5 23. cxb5 Qxb5 24. Qc2 O-O 25. Rxd7 Qxd7 26. Rd1 Qc8
27. Qxc8 Rxc8 28. h4 f5 29. f4 Rc2 30. a4 Ra2 31. Rd8+ Kf7 32. Rh8 h6 33. Rb8
Rxa4 34. g3 Ra1+ 35. Kf2 h5 36. Ke3 a5 37. Rb7+ Kf6 38. Kd4 Rg1 39. Kc5 Rxg3
40. Kb5 Rb3+ 41. Ka6 Rxb7 42. Kxb7 a4 43. Ka6 a3 44. Ka5 a2 45. Kb4 a1=Q 46.
Kc5 Qc1+ 47. Kd6 Qxf4+ 48. Kc5 Qxh4 49. Kd6 Qe4 50. Kc7 h4 51. Kd6 h3 52. Kd7
h2 53. Kd6 h1=Q 54. Kd7 Qc6+ 55. Kd8 Qh8# 0-1

[Event "Tournoi francophone 005 Groupe E"]
[Site "Skype"]
[Date "????.??.??"]
[Round "3.2"]
[White "Rodriguez, Nathalie"]
[Black "Vervoort, Jean-Louis"]
[Result "1/2-1/2"]
[WhiteElo "1252"]
[BlackElo "1209"]
[PlyCount "57"]

1. d4 d5 2. Bf4 Bf5 3. Nc3 Nf6 4. Nb5 Na6 5. h3 c6 6. Nc3 e6 7. a3 Bd6 8. Bxd6
Qxd6 9. e3 O-O 10. Nf3 c5 11. Nh4 cxd4 12. Qxd4 Bxc2 13. Bd3 Bxd3 14. Qxd3 Rad8
15. O-O Rd7 16. Rfd1 Nc5 17. Qd4 Nb3 18. Nb5 Nxd4 19. Nxd6 Rxd6 20. Rxd4 Rc8
21. g4 h6 22. Nf3 Rdc6 23. Ne5 Rc1+ 24. Rxc1 Rxc1+ 25. Kg2 Rc2 26. Nd3 Rd2 27.
b4 e5 28. Nxe5 Rxd4 29. exd4 1/2-1/2

[Event "Tournoi francophone 005 Groupe E"]
[Site "Skype"]
[Date "????.??.??"]
[Round "3.3"]
[White "Dhenain, Sebastien"]
[Black "Bustos, Ricardo"]
[Result "0-1"]
[WhiteElo "1230"]
[BlackElo "1318"]
[PlyCount "58"]

1. e4 c5 2. c3 e6 3. d4 Nf6 4. e5 Ng8 5. Nf3 Nc6 6. Bc4 a6 7. d5 Na5 8. Be2
exd5 9. Qxd5 Ne7 10. Qd1 Ng6 11. Bg5 Be7 12. Bxe7 Qxe7 13. b4 cxb4 14. O-O O-O
15. Qa4 Nc6 16. Bb5 bxc3 17. Nxc3 Ngxe5 18. Nxe5 Qxe5 19. Rac1 Nd4 20. Bc4 Rb8
21. Rfe1 Qg5 22. Nd5 Nf3+ 23. Kf1 Nxe1 24. Rxe1 b5 25. Qb3 Bb7 26. Ne7+ Kh8 27.
Bd5 Bxd5 28. Nxd5 Rbe8 29. Rc1 Qxc1+ 0-1

[Event "Tournoi francophone 005 Groupe E"]
[Site "Skype"]
[Date "????.??.??"]
[Round "3.4"]
[White "Riviere, Perrine"]
[Black "Gabriele, Noel"]
[Result "1-0"]
[WhiteElo "1245"]
[BlackElo "1325"]
[PlyCount "83"]

1. e4 e5 2. Nc3 c6 3. Nf3 Qa5 4. d4 exd4 5. Qxd4 Ne7 6. Bd2 Qd8 7. Bc4 b5 8.
Bd3 d6 9. O-O a6 10. e5 d5 11. Rfe1 Nf5 12. Bxf5 Bxf5 13. Rac1 Be7 14. a3 O-O
15. g3 h6 16. Nd1 Nd7 17. Qf4 Be6 18. Nd4 Bg5 19. Nxc6 Qc7 20. Ne7+ Bxe7 21. h4
Kh8 22. Bb4 Bxb4 23. axb4 Rae8 24. Nc3 Nb6 25. Rcd1 Qd7 26. Ne4 f5 27. Nc5 Qf7
28. Nxa6 Nc4 29. b3 Na3 30. Re2 Rc8 31. Nc5 Rc6 32. Ra1 Ra8 33. Nxe6 Qxe6 34.
f3 Rc7 35. Rd2 Kh7 36. g4 Rf7 37. g5 hxg5 38. hxg5 g6 39. Qh4+ Kg8 40. f4 Rh7
41. Qg3 Kf7 42. Kf2 1-0

[Event "Tournoi francophone 005 Groupe E"]
[Site "Skype"]
[Date "????.??.??"]
[Round "4.1"]
[White "Lemoine, Gerard"]
[Black "Guillaume, Mickael"]
[Result "1-0"]
[WhiteElo "1297"]
[BlackElo "1353"]
[PlyCount "93"]

1. d4 d5 2. c4 Nf6 3. Nf3 b6 4. Nc3 dxc4 5. e4 Bb7 6. e5 Nd5 7. Bxc4 Nxc3 8.
bxc3 e6 9. Bb5+ Bc6 10. a4 a6 11. Be2 Be7 12. Ba3 O-O 13. O-O f6 14. exf6 Rxf6
15. Ne5 Bxa3 16. Rxa3 Qd5 17. Bf3 Qd6 18. Ra1 Bxf3 19. Nxf3 Nc6 20. Ng5 Re8 21.
Ne4 Qf4 22. Nxf6+ Qxf6 23. Qb3 Kh8 24. Qc4 e5 25. Rae1 h6 26. Qxa6 e4 27. Qc4
Na5 28. Qxc7 Nb3 29. Re2 Rf8 30. Qg3 Qf5 31. Rb2 Qf7 32. Rfb1 Na5 33. Rxb6 Nc4
34. Rb8 Rxb8 35. Qxb8+ Kh7 36. Qg3 Nd2 37. Re1 Qa2 38. Qe3 h5 39. h4 g6 40. Rd1
Nc4 41. Qxe4 Qxa4 42. Qe7+ Kh6 43. Qg5+ Kg7 44. Re1 Qd7 45. Re7+ Qxe7 46. Qxe7+
Kh6 47. Qe6 1-0

[Event "Tournoi francophone 005 Groupe E"]
[Site "Skype"]
[Date "????.??.??"]
[Round "4.3"]
[White "Bustos, Ricardo"]
[Black "Riviere, Perrine"]
[Result "0-1"]
[WhiteElo "1318"]
[BlackElo "1245"]
[PlyCount "58"]

1. c4 Nf6 2. d4 e6 3. Nf3 d5 4. e3 dxc4 5. Bxc4 Nc6 6. a3 Be7 7. O-O O-O 8. Nc3
Re8 9. b4 Bd6 10. Bb2 e5 11. d5 Ne7 12. e4 a6 13. Bb3 b5 14. a4 Bd7 15. axb5
axb5 16. Rxa8 Qxa8 17. Qe2 Bxb4 18. Nxe5 c6 19. Nxd7 Nxd7 20. dxc6 Qxc6 21.
Nxb5 Nc5 22. Bc4 Nxe4 23. Rd1 Nf5 24. Qg4 g6 25. Bd3 Bc5 26. Bxe4 Qxb5 27. Rd2
Bf8 28. Bd3 Re1+ 29. Bf1 Qxf1# 0-1

[Event "Tournoi francophone 005 Groupe E"]
[Site "Skype"]
[Date "????.??.??"]
[Round "4.4"]
[White "Vervoort, Jean-Louis"]
[Black "Dhenain, Sebastien"]
[Result "1-0"]
[WhiteElo "1209"]
[BlackElo "1230"]
[PlyCount "85"]

1. d4 d5 2. c4 e6 3. Nc3 Nc6 4. Nf3 Nf6 5. Bg5 Bb4 6. e3 Bxc3+ 7. bxc3 O-O 8.
Bd3 Re8 9. O-O e5 10. Qc2 e4 11. Be2 exf3 12. Bxf3 h6 13. Bxf6 Qxf6 14. Bxd5
Qg5 15. h3 Bxh3 16. Rab1 Ne7 17. Bxb7 c6 18. g3 Rab8 19. Rfe1 Qg4 20. Kh2 Qh5
21. Qd1 Bg4+ 22. Kg2 Bxd1 23. Rexd1 Nc8 24. Bxc6 Rxb1 25. Rxb1 Rd8 26. Rb8 Rf8
27. Rb7 Ne7 28. Rxe7 Rb8 29. Be4 g6 30. c5 Rb2 31. c6 Qe2 32. c7 Qxf2+ 33. Kh3
Qh2+ 34. Kg4 h5+ 35. Kf4 Rf2+ 36. Ke5 Qxg3+ 37. Kd5 Qg5+ 38. Re5 Qxe3 39. c8=Q+
Kg7 40. Bxg6 Qf3+ 41. Be4 Qd1 42. Rg5+ Kf6 43. Qd8# 1-0

[Event "Tournoi francophone 005 Groupe E"]
[Site "Skype"]
[Date "????.??.??"]
[Round "4.5"]
[White "Bucherie, Volcy"]
[Black "Rodriguez, Nathalie"]
[Result "1-0"]
[WhiteElo "1236"]
[BlackElo "1252"]
[PlyCount "39"]

1. d4 d5 2. c4 Nf6 3. Nc3 c6 4. Bf4 Bf5 5. Nf3 h6 6. e3 e6 7. Ne5 Na6 8. cxd5
Nb4 9. dxc6 Nc2+ 10. Kd2 Nxa1 11. cxb7 Rb8 12. Bb5+ Ke7 13. Nc6+ Ke8 14. Nxb8+
Ke7 15. Nc6+ Kd7 16. Nxa7+ Ke7 17. Nc6+ Ke8 18. Nxd8+ Kxd8 19. b8=Q+ Ke7 20.
Bd6# 1-0

[Event "Tournoi francophone 005 Groupe E"]
[Site "Skype"]
[Date "????.??.??"]
[Round "5.1"]
[White "Rodriguez, Nathalie"]
[Black "Lemoine, Gerard"]
[Result "0-1"]
[WhiteElo "1252"]
[BlackElo "1297"]
[PlyCount "114"]

1. d4 d5 2. Nc3 e6 3. Nf3 Bd7 4. Bf4 a6 5. e3 Bb4 6. a3 Ba5 7. Bd3 Ne7 8. O-O
c6 9. Ne5 Qb6 10. Rb1 f6 11. Nxd7 Nxd7 12. h3 Ng6 13. Bg3 f5 14. f4 O-O 15. b4
Bxb4 16. axb4 Rfe8 17. Na4 Qd8 18. Nc5 Nxc5 19. bxc5 Nf8 20. Rxb7 a5 21. Qb1
Nd7 22. Qb2 Rb8 23. Rb1 g6 24. Rxb8 Nxb8 25. Be1 Qc7 26. Qa1 Qa7 27. Bxa5 Nd7
28. Bc3 Ra8 29. Qb2 Rb8 30. Bb4 Qb7 31. c4 Kf7 32. Qb3 h5 33. cxd5 exd5 34. Qd1
Re8 35. Qe2 Qc7 36. Be1 Qd8 37. Bf2 h4 38. Qf3 Nf6 39. g3 Ne4 40. Be1 Nxg3 41.
Rd1 g5 42. Bxg3 hxg3 43. Qxg3 gxf4 44. Qxf4 Rg8+ 45. Kf2 Qf6 46. Qxf5 Rg6 47.
Ke2 Rg2+ 48. Kf1 Rg3 49. Re1 Rxh3 50. Re2 Rf3+ 51. Ke1 Rxf5 52. Kd2 Rf3 53. Rg2
Rf2+ 54. Be2 Rxg2 55. Ke1 Qf2+ 56. Kd2 Qxe2+ 57. Kc3 Qxe3+ 0-1

[Event "Tournoi francophone 005 Groupe E"]
[Site "Skype"]
[Date "????.??.??"]
[Round "5.2"]
[White "Dhenain, Sebastien"]
[Black "Bucherie, Volcy"]
[Result "0-1"]
[WhiteElo "1230"]
[BlackElo "1236"]
[PlyCount "52"]

1. e4 c6 2. d4 d5 3. exd5 cxd5 4. Bb5+ Nc6 5. Bxc6+ bxc6 6. Nf3 Ba6 7. Nc3 Nf6
8. Bg5 e6 9. Ne5 Qc7 10. Bxf6 gxf6 11. Nf3 e5 12. Ne2 e4 13. Nd2 c5 14. f3 cxd4
15. Nxd4 e3 16. Nf1 Bb4+ 17. c3 Bxc3+ 18. bxc3 Qxc3+ 19. Nd2 exd2+ 20. Kf2
Qxd4+ 21. Kg3 Rg8+ 22. Kh3 Bc8+ 23. g4 f5 24. Qe2+ Kd8 25. Rad1 fxg4+ 26. Kh4
gxf3+ 0-1

[Event "Tournoi francophone 005 Groupe E"]
[Site "Skype"]
[Date "????.??.??"]
[Round "5.3"]
[White "Riviere, Perrine"]
[Black "Vervoort, Jean-Louis"]
[Result "0-1"]
[WhiteElo "1245"]
[BlackElo "1209"]
[PlyCount "104"]

1. e4 e5 2. Nf3 Nc6 3. Bc4 h6 4. d4 d6 5. dxe5 dxe5 6. Qxd8+ Kxd8 7. Be3 b6 8.
O-O Bb7 9. Nc3 Kd7 10. Rad1+ Bd6 11. Bxf7 Rd8 12. Rfe1 Kc8 13. a3 Nf6 14. b3
Ne7 15. Bd5 Nc6 16. a4 Nb4 17. Bxb7+ Kxb7 18. Re2 Rd7 19. h3 Rhd8 20. Nd5 Nfxd5
21. Ne1 Nxe3 22. Rxe3 Bc5 23. Rxd7 Rxd7 24. Re2 Nc6 25. g4 Bb4 26. Nd3 Bc5 27.
Nxc5+ bxc5 28. Re3 Nb4 29. Rc3 Kc6 30. Kf1 Rd1+ 31. Ke2 Rh1 32. Kd2 Rh2 33. Ke2
Na2 34. Re3 Nc1+ 35. Kd2 Rh1 36. Re1 Rxe1 37. Kxe1 Na2 38. Kd2 Nb4 39. c4 Kd6
40. Ke3 Nc6 41. f4 exf4+ 42. Kxf4 Ne5 43. h4 Ng6+ 44. Kf5 Nxh4+ 45. Kf4 Ke6 46.
e5 g6 47. a5 Ng2+ 48. Kg3 Ne3 49. Kf4 Nc2 50. a6 Nd4 51. Ke4 Nxb3 52. Kf4 Nd2
0-1

[Event "Tournoi francophone 005 Groupe E"]
[Site "Skype"]
[Date "????.??.??"]
[Round "5.5"]
[White "Guillaume, Mickael"]
[Black "Gabriele, Noel"]
[Result "0-1"]
[WhiteElo "1353"]
[BlackElo "1325"]
[PlyCount "74"]

1. e4 e5 2. Bc4 Nf6 3. d3 Nc6 4. Nf3 Na5 5. b3 Nxc4 6. bxc4 d6 7. Nc3 c6 8. d4
exd4 9. Nxd4 Be7 10. O-O O-O 11. Qf3 Qa5 12. Qg3 Qc5 13. Bh6 Ng4 14. Be3 Qxc4
15. Nce2 Nxe3 16. Qxe3 Bf6 17. c3 Re8 18. f3 c5 19. Nb3 b6 20. Nd2 Qe6 21. Rfe1
Bb7 22. Ng3 Re7 23. Rab1 Qxa2 24. c4 Bd4 25. Qxd4 cxd4 26. Red1 Qa5 27. Kf2 Qc5
28. Ke2 d5 29. Rb5 Qd6 30. Kd3 Ba6 31. Rbb1 dxc4+ 32. Nxc4 Bxc4+ 33. Kxc4 Rc8+
34. Kd3 Qa3+ 35. Kxd4 Qc3+ 36. Kd5 Qc4+ 37. Kd6 Qe6# 0-1

[Event "Tournoi francophone 005 Groupe E"]
[Site "Skype"]
[Date "????.??.??"]
[Round "6.1"]
[White "Lemoine, Gerard"]
[Black "Gabriele, Noel"]
[Result "1-0"]
[WhiteElo "1297"]
[BlackElo "1325"]
[PlyCount "69"]

1. d4 Nf6 2. c4 c6 3. Nf3 e6 4. Bg5 Be7 5. Nc3 O-O 6. e3 d5 7. Bd3 Nbd7 8. O-O
h6 9. Bh4 g5 10. Bg3 Nh5 11. Be5 f6 12. Bg3 Nxg3 13. hxg3 f5 14. Ne5 Qe8 15. g4
Nxe5 16. dxe5 Bc5 17. cxd5 exd5 18. Na4 Be7 19. Bc2 b5 20. Nc3 Bc5 21. a3 Qxe5
22. b4 Bd6 23. f4 Qxc3 24. fxg5 Qxe3+ 25. Kh1 Qxg5 26. g3 Bxg3 27. Qd3 Qh4+ 28.
Kg2 Qh2+ 29. Kf3 fxg4+ 30. Ke3 Re8+ 31. Kd4 Be5+ 32. Kc5 Bd6+ 33. Kxc6 Re7 34.
Qg6+ Rg7 35. Qe8+ 1-0

[Event "Tournoi francophone 005 Groupe E"]
[Site "Skype"]
[Date "????.??.??"]
[Round "6.2"]
[White "Bustos, Ricardo"]
[Black "Guillaume, Mickael"]
[Result "0-1"]
[WhiteElo "1318"]
[BlackElo "1353"]
[PlyCount "108"]

1. c4 c5 2. Nf3 Nc6 3. g3 Nf6 4. Bg2 e5 5. d3 Be7 6. O-O d5 7. cxd5 Nxd5 8. e4
Nf6 9. Nc3 Be6 10. Ng5 Qd7 11. Nxe6 Qxe6 12. a3 a5 13. Nb5 Qd7 14. Nc3 Nd4 15.
f4 Bd6 16. Nd5 Nxd5 17. exd5 O-O 18. Kh1 f5 19. fxe5 Bxe5 20. Bf4 Bd6 21. Be3
Nb5 22. Rc1 b6 23. a4 Nc7 24. d4 Qe7 25. Re1 Na6 26. Bf4 Qf6 27. Be5 Qh6 28.
Bxd6 Qxd6 29. Re6 Qd8 30. Rc2 Rf6 31. Rce2 Rxe6 32. Rxe6 Rc8 33. Qe2 Nb4 34.
Qd2 Nxd5 35. dxc5 Nc7 36. Qxd8+ Rxd8 37. Re1 bxc5 38. Kg1 g6 39. Bh3 c4 40. g4
fxg4 41. Bxg4 Rd6 42. h3 Kf7 43. Rf1+ Rf6 44. Rxf6+ Kxf6 45. Be2 Ke5 46. Bxc4
Kd4 47. b3 Kc3 48. Bf7 Kd4 49. Kf2 Nd5 50. Bxd5 Kxd5 51. Ke3 Kc5 52. Kd3 Kb4
53. Kc2 h5 54. Kb2 g5 0-1

[Event "Tournoi francophone 005 Groupe E"]
[Site "Skype"]
[Date "????.??.??"]
[Round "6.4"]
[White "Bucherie, Volcy"]
[Black "Riviere, Perrine"]
[Result "0-1"]
[WhiteElo "1236"]
[BlackElo "1245"]
[PlyCount "80"]

1. d4 Nf6 2. c4 d5 3. Nc3 dxc4 4. e4 e6 5. Bxc4 Bb4 6. Nf3 Bxc3+ 7. bxc3 Nxe4
8. Bg5 Nf6 9. Ne5 O-O 10. O-O Bd7 11. Qb3 b6 12. Qd1 Nc6 13. Nxc6 Bxc6 14. Bxf6
Qxf6 15. d5 exd5 16. Bxd5 Rad8 17. c4 Bxd5 18. cxd5 c6 19. Qa4 cxd5 20. Qxa7
Rd6 21. Rac1 g6 22. Rc7 Re8 23. g3 d4 24. Kg2 Rc6 25. Qa4 Ree6 26. Qa8+ Kg7 27.
Rc8 Rxc8 28. Qxc8 Rd6 29. a4 d3 30. Re1 Qd8 31. Qc3+ f6 32. h4 h5 33. f4 Kf7
34. Qc4+ Kf8 35. Re6 Rxe6 36. Qxe6 d2 37. Qa2 d1=Q 38. Qa3+ Kf7 39. Qa2+ Q8d5+
40. Kh3 Qxa2 0-1

[Event "Tournoi francophone 005 Groupe E"]
[Site "Skype"]
[Date "????.??.??"]
[Round "6.5"]
[White "Rodriguez, Nathalie"]
[Black "Dhenain, Sebastien"]
[Result "1-0"]
[WhiteElo "1252"]
[BlackElo "1230"]
[PlyCount "53"]

1. d4 d5 2. Nc3 Nc6 3. Nf3 Nf6 4. Bf4 e6 5. Nb5 e5 6. Nxe5 a6 7. Nxc6 bxc6 8.
Nxc7+ Kd7 9. Nxa8 Bb4+ 10. Bd2 Bxd2+ 11. Qxd2 Ne4 12. Qb4 Qf6 13. Nb6+ Kd8 14.
Nxc8 Qxf2+ 15. Kd1 Qf6 16. Nb6 Nf2+ 17. Ke1 Nxh1 18. Kd2 Qg5+ 19. e3 Qf6 20.
Be2 Nf2 21. Rf1 Ne4+ 22. Kd1 Nf2+ 23. Ke1 Qf5 24. Rxf2 Qxc2 25. Qd6+ Ke8 26.
Qd7+ Kf8 27. Qd8# 1-0

[Event "Tournoi francophone 005 Groupe E"]
[Site "Skype"]
[Date "????.??.??"]
[Round "7.1"]
[White "Dhenain, Sebastien"]
[Black "Lemoine, Gerard"]
[Result "0-1"]
[WhiteElo "1230"]
[BlackElo "1297"]
[PlyCount "146"]

1. e4 e6 2. Nf3 d5 3. exd5 exd5 4. c4 c5 5. cxd5 Qxd5 6. Nc3 Qe6+ 7. Be2 b6 8.
O-O Ba6 9. Bxa6 Nxa6 10. Re1 Nc7 11. Rxe6+ Nxe6 12. Qe1 Rd8 13. Ng5 Ke7 14.
Nxe6 fxe6 15. d3 Rxd3 16. Bg5+ Kf7 17. Qe4 Rd4 18. Qb7+ Be7 19. Nb5 Rd5 20. h3
Rxg5 21. Nd6+ Kg6 22. Qe4+ Kh6 23. Nf7+ Kh5 24. Nxg5 Bxg5 25. Rd1 Nf6 26. Qf3+
Kh6 27. g3 Nd5 28. h4 Bf6 29. g4 Bxh4 30. Qh3 g5 31. Re1 Nf4 32. Qa3 Rf8 33.
Qxa7 Nh3+ 34. Kg2 Bxf2 35. Rf1 Nf4+ 36. Kxf2 Nd5+ 37. Kg1 Rf4 38. Rxf4 gxf4 39.
Qa3 Kg5 40. Qh3 Nf6 41. Qg2 Nxg4 42. Qb7 h5 43. Qg7+ Kh4 44. Kg2 Ne3+ 45. Kf3
Nf5 46. Qf6+ Kh3 47. Qg6 Nh4+ 48. Kxf4 Nxg6+ 49. Kg5 Nh4 50. Kxh5 e5 51. Kg5 e4
52. Kf4 b5 53. Kxe4 Kg2 54. Kd3 Nf3 55. Kc2 Kf2 56. a3 Ke2 57. b4 Ne1+ 58. Kc3
cxb4+ 59. axb4 Nd3 60. Kb3 Kd2 61. Ka3 Kc3 62. Ka2 Nxb4+ 63. Ka3 Kc4 64. Kb2
Nd3+ 65. Kc2 b4 66. Kb1 Kc3 67. Ka1 Nc5 68. Kb1 b3 69. Kc1 b2+ 70. Kb1 Nd3 71.
Ka2 Nc1+ 72. Kb1 Nb3 73. Ka2 Kc2 0-1

[Event "Tournoi francophone 005 Groupe E"]
[Site "Skype"]
[Date "????.??.??"]
[Round "7.2"]
[White "Riviere, Perrine"]
[Black "Rodriguez, Nathalie"]
[Result "1-0"]
[WhiteElo "1245"]
[BlackElo "1252"]
[PlyCount "47"]

1. e4 e6 2. d4 Nf6 3. e5 Nd5 4. Nf3 Nc6 5. Bb5 a6 6. Bxc6 dxc6 7. Bd2 h6 8. Nc3
Be7 9. O-O O-O 10. a3 c5 11. Re1 f5 12. Ne2 Nf6 13. exf6 Bxf6 14. Bf4 Bd7 15.
c3 c4 16. d5 Qe8 17. Bxc7 e5 18. Ng3 Rc8 19. Bxe5 Qf7 20. Bxf6 Qxf6 21. Nh5 Qd6
22. Qd4 Rf7 23. Ne5 Re7 24. Nxd7 1-0

[Event "Tournoi francophone 005 Groupe E"]
[Site "Skype"]
[Date "????.??.??"]
[Round "7.4"]
[White "Guillaume, Mickael"]
[Black "Vervoort, Jean-Louis"]
[Result "1-0"]
[WhiteElo "1353"]
[BlackElo "1209"]
[PlyCount "109"]

1. e4 d5 2. e5 d4 3. c3 c5 4. Bc4 Bf5 5. Qf3 e6 6. Qxb7 Nd7 7. d3 Qb8 8. Qxb8+
Rxb8 9. f4 g6 10. Nf3 Bg7 11. cxd4 cxd4 12. Nxd4 Nh6 13. Nc3 O-O 14. Ncb5 Rb7
15. Nd6 Rc7 16. N6xf5 gxf5 17. O-O Nb6 18. b3 Nc8 19. Ba3 Rd7 20. Nf3 Rfd8 21.
Rfd1 Ng4 22. Bb5 Rb7 23. Bc4 Bh6 24. g3 Ne3 25. Rdc1 Nb6 26. Rc3 Nbxc4 27. bxc4
Rdb8 28. Nd2 Bf8 29. c5 Nd5 30. Rc4 Ne3 31. Rc3 Nd5 32. Rc2 Ne3 33. Rcc1 Rc7
34. Nf1 Nxf1 35. Kxf1 Ra8 36. Kf2 Rac8 37. d4 Rd8 38. Rc4 Rdc8 39. Bb4 Rb8 40.
a3 Rcb7 41. h3 Rb5 42. Ke2 R5b7 43. c6 Rc7 44. Bxf8 Rxf8 45. Rb1 Rfc8 46. Rbc1
Kg7 47. g4 f6 48. gxf5 fxe5 49. fxe5 exf5 50. d5 Rd8 51. Rg1+ Kh6 52. d6 Rf7
53. c7 Rc8 54. e6 Rf6 55. d7 1-0